L'Italia nel 1499 - Statistics

Statistiche generali
  • Questo quiz è stato fatto 136 volte
  • Il punteggio medio è 11 su 24
Statistiche sulle risposte
Risposta % Corretto
Repubblica di Venezia
91%
Regno di Napoli
90%
Ducato di Milano
85%
Stati della Chiesa
84%
Repubblica di Firenze
83%
Repubblica di Genova
82%
Regno di Sicilia
79%
Ducato di Savoia
72%
Regno di Sardegna
71%
Repubblica di Lucca
52%
Repubblica di Siena
50%
Marchesato di Mantova
49%
Ducato di Ferrara
48%
Marchesato di Monferrato
38%
Ducato di Urbino
36%
Principato vescovile di Trento
35%
Marchesato di Saluzzo
17%
Contea del Tirolo
5%
Principato vescovile di Bressanone
5%
Contea di Gorizia
4%
Ducato di Camerino
3%
Contea di Tenda
2%
Marchesato di Ceva
2%
Ducato di Carniola
0%
Nessun quiz corrispondente trovato
Distribuzione punteggi
Percentuale di utenti per punteggio
Percentile per numero di risposta
I tuoi punteggi nel tempo
Non hai fatto questo quiz